[Event "DIJA I"]
[Site "SchemingMind.com"]
[Date "2020.09.22"]
[Round "-"]
[White "Ricardo Martinez Puigros"]
[Black "pmdpsp"]
[Result "1-0"]
[WhiteCountry "ESP"]
[BlackCountry "GER"]
[WhiteElo "2156"]
[WhiteRD "74"]
[BlackElo "1708"]
[BlackRD "80"]
[GameID "460398"]

1. d4 g6 2. c4 Bg7 3. e4 d6 4. Nc3 Nc6 5. d5 Ne5 6. Be2 Nf6 7. f4 Ned7 8. Nf3 O-O 9. O-O c6 10. Be3 Nb6
11. h3 Re8 12. a4 a5 13. Qd2 e6 14. dxc6 bxc6 15. Rfd1 d5 16. c5 Nbd7 17. e5 Nh5 18. g4 Ng3 19. Bd3 f5 20. exf6 Qxf6
21. Kg2 e5 22. fxe5 Nxe5 23. Nxe5 Qxe5 24. Bf4 Qd4 25. Bxg3 Qxc5 26. Rf1 Bb7 27. Rae1 Qb6 28. Qf2 Qxf2+ 29. Bxf2 Rf8 30. Re7 Rf7
31. Rfe1 Raf8 32. Bc5 Bxc3 33. bxc3 Rxe7 34. Rxe7 Rf7 35. Rxf7 Kxf7 36. Bb6 Ke6 37. Kf2 Kd6 38. Bxa5 c5 39. Bb6 Kc6 40. a5 Ba8
41. Ke3 Bb7 42. Kf4 Ba8 43. Kg5
1-0

[Event "DIJA I"]
[Site "SchemingMind.com"]
[Date "2020.09.22"]
[Round "-"]
[White "John Hamer"]
[Black "Ricardo Martinez Puigros"]
[Result "1/2-1/2"]
[WhiteCountry "ENG"]
[BlackCountry "ESP"]
[WhiteElo "1980"]
[WhiteRD "62"]
[BlackElo "2128"]
[BlackRD "73"]
[GameID "460399"]

1. c4 e6 2. d4 d5 3. cxd5 exd5 4. Nc3 c6 5. Nf3 Bf5 6. Bf4 Nf6 7. e3 Qb6 8. Qc1 Nbd7 9. Be2 Be7 10. O-O O-O
11. Ne5 Nxe5 12. Bxe5 Nd7 13. Bf4 Nf6 14. Na4 Qd8 15. Rd1 Ne4 16. f3 Nd6 17. Nc5 Re8 18. g4 Bc8 19. Kh1 f5 20. gxf5 Nxf5
21. e4 Bd6 22. e5=
1/2-1/2

[Event "DIJA I"]
[Site "SchemingMind.com"]
[Date "2020.09.22"]
[Round "-"]
[White "Ricardo Martinez Puigros"]
[Black "David Carter"]
[Result "1-0"]
[WhiteCountry "ESP"]
[BlackCountry "USA"]
[WhiteElo "2218"]
[WhiteRD "81"]
[BlackElo "2005"]
[BlackRD "92"]
[GameID "460400"]

1. d4 d5 2. c4 c6 3. Nf3 Nf6 4. Nc3 dxc4 5. a4 Bf5 6. Ne5 Nbd7 7. Nxc4 Nb6 8. Ne5 a5 9. f3 Nfd7 10. Nxd7 Bxd7
11. e4 e6 12. Bd3 Bd6 13. Be3 O-O 14. Qb3 Nc8 15. O-O Kh8 16. Qc2 f5 17. Rad1 Qh4 18. f4 Ne7 19. Rf3 Bc7 20. Be2 Qf6
21. Rh3 Rac8 22. Qd2 Rcd8 23. Bh5
1-0

[Event "DIJA I"]
[Site "SchemingMind.com"]
[Date "2020.09.22"]
[Round "-"]
[White "Helga1946"]
[Black "Ricardo Martinez Puigros"]
[Result "1/2-1/2"]
[WhiteCountry "GER"]
[BlackCountry "ESP"]
[WhiteElo "2257"]
[WhiteRD "66"]
[BlackElo "2156"]
[BlackRD "74"]
[GameID "460402"]

1. Nc3 c5 2. e4 a6 3. Nf3 e6 4. Be2 Nc6 5. d4 cxd4 6. Nxd4 Qc7 7. O-O Nf6 8. Be3 d6 9. f4 Be7 10. Qe1 b5
11. Nxc6 Qxc6 12. e5 dxe5 13. fxe5 Nd5 14. Nxd5 exd5 15. Bd4 Be6 16. Qg3 Bc5 17. c3 O-O 18. Bd3 Rfc8 19. Qh4 g6 20. a3 a5
21. Qf2 Be7 22. Qd2 Qe8 23. b4 Rcb8 24. h3 Bd8 25. Qe3 Qe7 26. a4 axb4 27. axb5 bxc3 28. Bxc3 Ra3 29. Rxa3 Qxa3 30. Bd4 Bg5
31. Qe2 Qb4 32. Qf2 Qb3 33. Be2 Ra8 34. b6 Ra2 35. Bd1 Qb4 36. Qxa2 Qxd4+ 37. Kh1 Qxb6 38. Bg4 Bxg4 39. hxg4 Qe6 40. Qf2 h6
41. g3 Qd7 42. Kh2 d4 43. e6 Qxe6 44. Qxd4 Be7 45. Rf3 Qe2+ 46. Rf2 Qe6 47. Rf1 Bg5 48. Rf3 Qe2+ 49. Rf2 Qe6=
1/2-1/2

[Event "DIJA I"]
[Site "SchemingMind.com"]
[Date "2020.09.21"]
[Round "-"]
[White "Ricardo Martinez Puigros"]
[Black "JAHI"]
[Result "1/2-1/2"]
[WhiteCountry "ESP"]
[BlackCountry "INT"]
[WhiteElo "2128"]
[WhiteRD "73"]
[BlackElo "2141"]
[BlackRD "69"]
[GameID "460403"]

1. d4 d6 2. Nf3 g6 3. c4 Bg7 4. g3 a6 5. Nc3 a5 6. Bg2 Na6 7. O-O h6 8. a3 h5 9. h4 Nh6 10. Bf4 Kf8
11. e4 Bg4 12. Be3 Kg8 13. Qd2 Bxf3 14. Bxf3 Qf8 15. Rfb1 Re8 16. b4 axb4 17. axb4 Rc8 18. e5 dxe5 19. Bxb7 Rd8 20. d5 Nb8
21. Ne4 Nf5 22. b5 Nd6 23. Nxd6 exd6 24. b6 cxb6 25. Bxb6 Re8 26. Ra7 Kh7=
1/2-1/2

[Event "DIJA I"]
[Site "SchemingMind.com"]
[Date "2020.09.22"]
[Round "-"]
[White "Ricardo Martinez Puigros"]
[Black "Arnold Jones"]
[Result "1-0"]
[WhiteCountry "ESP"]
[BlackCountry "ENG"]
[WhiteElo "2128"]
[WhiteRD "73"]
[BlackElo "1553"]
[BlackRD "67"]
[GameID "460404"]

1. d4 d5 2. c4 e5 3. dxe5 Bb4+ 4. Bd2 Bxd2+ 5. Nxd2 Ne7 6. Ngf3 d4 7. Nb3 c5 8. e3 Bg4 9. Be2 Bxf3 10. Bxf3 Qb6
11. exd4 Qb4+ 12. Qd2 Nd7 13. Qxb4 cxb4 14. Bxb7 Rb8 15. Bf3 O-O 16. O-O Nb6 17. Nd2 Na4 18. b3 Nc3 19. Ne4 Nxe4 20. Bxe4 Rb6
21. f4 h5 22. d5 Rh6 23. Rfd1 Ng6 24. c5 Nxf4 25. Rd2 Re8 26. Re1 g5 27. c6 Rxe5 28. c7 Kf8 29. c8=Q+ Kg7 30. d6 Ne6
31. d7 Nc5 32. d8=Q
1-0

[Event "DIJA I"]
[Site "SchemingMind.com"]
[Date "2020.09.23"]
[Round "-"]
[White "Ricardo Martinez Puigros"]
[Black "grabapawn"]
[Result "1-0"]
[WhiteCountry "ESP"]
[BlackCountry "USA"]
[WhiteElo "2128"]
[WhiteRD "73"]
[BlackElo "1544"]
[BlackRD "68"]
[GameID "460405"]

1. d4 d6 2. Nf3 Nf6 3. c4 Nbd7 4. Nc3 e5 5. e4 Be7 6. Be2 c6 7. O-O Qc7 8. h3 Nf8 9. Be3 Ng6 10. Qd2 Nh5
11. Nxe5 Nhf4 12. Nxg6 hxg6 13. Bxf4 g5 14. Bg3 Bd7 15. Rad1 O-O-O 16. c5 Rh7 17. cxd6 Bxd6 18. e5 Bxh3 19. exd6 Qd7 20. gxh3 Qxh3
21. Bf3 g4 22. Bg2 Qh5 23. d5 Rdh8 24. d7+ Kd8 25. dxc6 bxc6 26. Qd6 Rh6 27. Qc7+
1-0

[Event "DIJA I"]
[Site "SchemingMind.com"]
[Date "2020.09.26"]
[Round "-"]
[White "splinter"]
[Black "Ricardo Martinez Puigros"]
[Result "0-1"]
[WhiteCountry "CAN"]
[BlackCountry "ESP"]
[WhiteElo "1836"]
[WhiteRD "81"]
[BlackElo "2156"]
[BlackRD "74"]
[GameID "460406"]

1. c4 e6 2. Nc3 d5 3. cxd5 exd5 4. d4 c6 5. Nf3 Bf5 6. e3 Nf6 7. Bd3 Bxd3 8. Qxd3 Bd6 9. O-O O-O 10. a3 Nbd7
11. b4 a6 12. Bb2 Re8 13. Ne2 Ne4 14. Ng3 Ndf6 15. Nd2 g6 16. Ndxe4 dxe4 17. Qd2 Ng4 18. h3 Nh6 19. Rad1 Qg5 20. d5 Rad8
21. Qc3 Be5 22. Qc2 Bxb2 23. Qxb2 Rxd5 24. Rd4 Rxd4 25. Qxd4 f5 26. Rd1 Nf7 27. Qc4 Rd8 28. Re1 Qf6 29. Ne2 Qb2 30. Qc1 Rd2
31. Kf1 Rxe2
0-1

[Event "DIJA I"]
[Site "SchemingMind.com"]
[Date "2020.09.22"]
[Round "-"]
[White "Paul Clarkson"]
[Black "Ricardo Martinez Puigros"]
[Result "0-1"]
[WhiteCountry "CAN"]
[BlackCountry "ESP"]
[WhiteElo "1779"]
[WhiteRD "87"]
[BlackElo "2206"]
[BlackRD "77"]
[GameID "460407"]

1. d4 d5 2. Bf4 Nf6 3. e3 c5 4. c3 Nc6 5. Nd2 Bf5 6. Qb3 Qc8 7. c4 e6 8. Ngf3 dxc4 9. Bxc4 cxd4 10. Nxd4 Nxd4
11. exd4 a6 12. O-O Be7 13. Rac1 Qd7 14. Nf3 b5 15. Bd3 Bxd3 16. Qxd3 Nd5 17. Bg3 O-O 18. Ne5 Qb7
0-1